[Event "OMA-ch 11th"]
[Site "Muscat"]
[Date "2024.01.27"]
[Round "4"]
[White "Bait Said, Ali"]
[Black "Al Jabri, Rashid"]
[Result "0-1"]
[WhiteElo "1458"]
[BlackElo "1740"]
[PlyCount "104"]
[EventDate "2024.01.24"]
[EventType "swiss"]
[EventRounds "9"]
[EventCountry "OMN"]
[SourceTitle "CB06_2024"]
[SourceDate "2024.02.07"]
[SourceVersion "1"]
[SourceVersionDate "2024.02.07"]
[SourceQuality "1"]

1. e4 c5 2. Nf3 d6 3. d4 cxd4 4. Nxd4 Nf6 5. Nc3 a6 6. Bg5 e6 7. f4 Be7 8. Qf3 Qc7 9. 0-0-0 0-0 10. g4 Nc6 11. h4 Nxd4 12. Rxd4 b5 13. f5 Bb7 14. Qe2 Rac8 15. Bg2 Qa5 16. a3 Rxc3 17. bxc3 Qxa3+ 18. Kd2 Rc8 19. Rd3 d5 20. Bxf6 Bxf6 21. e5 Bd8 22. Qf3 b4 23. c4 Qa4 24. fxe6 fxe6 25. Rf1 Qe8 26. Rd4 Bxh4 27. Kd1 Bg5 28. Bh1 h6 29. Qd3 Qa4 30. cxd5 Rxc2 31. Qxc2 Qa1+ 32. Ke2 Qxd4 33. dxe6 Qxe5+ 34. Kd1 Qd6+ 35. Ke2 Qxe6+ 36. Kd1 Qxg4+ 37. Qe2 Qxe2+ 38. Kxe2 Bxh1 39. Rxh1 Bf6 40. Rh5 b3 41. Kd3 b2 42. Kc2 Kh7 43. Ra5 Kg6 44. Rxa6 Kf5 45. Ra3 h5 46. Rb3 h4 47. Rb5+ Be5 48. Rb4 h3 49. Rh4 h2 50. Rh7 g5 51. Rh5 Kg4 52. Rh7 Kf3 0-1

[Event "OMA-ch 11th"]
[Site "Muscat"]
[Date "2024.01.25"]
[Round "2"]
[White "Bait Said, Ali"]
[Black "Al Ansi, Amin Hassan"]
[Result "0-1"]
[WhiteElo "1458"]
[BlackElo "1763"]
[PlyCount "74"]
[EventDate "2024.01.24"]
[EventType "swiss"]
[EventRounds "9"]
[EventCountry "OMN"]
[SourceTitle "CB06_2024"]
[SourceDate "2024.02.07"]
[SourceVersion "1"]
[SourceVersionDate "2024.02.07"]
[SourceQuality "1"]

1. e4 e5 2. Bc4 Nf6 3. Nc3 Bc5 4. Nf3 Nc6 5. 0-0 0-0 6. a3 a5 7. d3 h6 8. h3 d6 9. Ne2 Be6 10. Bb5 Na7 11. Ba4 b5 12. Bb3 Bxb3 13. cxb3 Nc6 14. Ng3 Ne7 15. Qe2 Qd7 16. Nh4 Qe6 17. Nhf5 Kh7 18. Kh2 Neg8 19. f4 exf4 20. Bxf4 g6 21. d4 Bb6 22. d5 Qd7 23. Nxh6 Nxh6 24. Bxh6 Kxh6 25. Rxf6 Kg7 26. Raf1 Bd4 27. Nf5+ Kxf6 28. Nxd4+ Kg7 29. Nxb5 Qe7 30. Rc1 Rac8 31. Na7 Qe5+ 32. Kh1 Rce8 33. Re1 Qg3 34. Nb5 Re5 35. Nc3 Rh8 36. Rg1 Reh5 37. Qf1 Rxh3+ 0-1

[Event "OMA-ch"]
[Site "Muscat"]
[Date "2021.09.27"]
[Round "7"]
[White "Al Darwashi, Anas"]
[Black "Bait Said, Ali"]
[Result "1-0"]
[WhiteElo "1471"]
[BlackElo "1501"]
[PlyCount "77"]
[EventDate "2021.09.22"]
[EventType "swiss"]
[EventRounds "9"]
[EventCountry "OMN"]
[SourceTitle "EXT 2023"]
[Source "ChessBase"]
[SourceDate "2022.10.05"]
[SourceVersion "1"]
[SourceVersionDate "2022.10.05"]
[SourceQuality "1"]

1. e4 e5 2. Nf3 Nc6 3. d4 exd4 4. Bc4 d6 5. Nxd4 Nf6 6. Nc3 Be7 7. 0-0 0-0 8. h3 a6 9. Nxc6 bxc6 10. Qd3 Re8 11. Be3 Bb7 12. Rad1 Qc8 13. f4 Rd8 14. Bb3 a5 15. Qc4 d5 16. Qa4 Qe6 17. f5 Qe5 18. Bf4 Bc5+ 19. Kh1 Qe7 20. exd5 cxd5 21. Bg5 c6 22. Rde1 Qd6 23. Qh4 d4 24. Ne4 Nxe4 25. Qxe4 Rd7 26. Be6 fxe6 27. fxe6 Re7 28. Bxe7 Qxe7 29. Rf7 Qg5 30. Rxb7 Be7 31. Rf1 Rd8 32. Qf5 Qf6 33. Rc7 c5 34. Qxf6 Bxf6 35. Rxc5 d3 36. cxd3 Bxb2 37. Rxa5 h6 38. e7 Re8 39. Rf8+ 1-0

[Event "OMA-ch"]
[Site "Muscat"]
[Date "2021.09.23"]
[Round "2"]
[White "Bait Said, Ali"]
[Black "Salim Issa, Ali Shamas"]
[Result "0-1"]
[WhiteElo "1501"]
[BlackElo "1888"]
[PlyCount "92"]
[EventDate "2021.09.22"]
[EventType "swiss"]
[EventRounds "9"]
[EventCountry "OMN"]
[SourceTitle "EXT 2023"]
[Source "ChessBase"]
[SourceDate "2022.10.05"]
[SourceVersion "1"]
[SourceVersionDate "2022.10.05"]
[SourceQuality "1"]

1. e4 e6 2. d4 d6 3. Nf3 Nf6 4. Nc3 Be7 5. Bd3 Nbd7 6. Bd2 e5 7. Qe2 c6 8. 0-0 0-0 9. Nd1 Qc7 10. c3 Re8 11. Ne3 g6 12. h3 Kg7 13. Nh2 Bf8 14. Qf3 d5 15. dxe5 Nxe5 16. Qe2 Nxd3 17. Qxd3 Nxe4 18. Neg4 Bxg4 19. Nxg4 f5 20. Qd4+ Kf7 21. Nh6+ Bxh6 22. Bxh6 Nf6 23. Rfe1 Re4 24. Rxe4 fxe4 25. Rc1 c5 26. Qe3 Qb6 27. Qf4 Re8 28. b4 c4 29. a4 Qe6 30. Qe3 b6 31. Rd1 Rd8 32. Bg5 Rd7 33. Rd4 Ne8 34. Bh6 Kg8 35. f3 Nd6 36. g4 Qf7 37. f4 Qe6 38. Rd1 Nf7 39. f5 gxf5 40. g5 Qe5 41. Rf1 d4 42. cxd4 Qxd4 43. Qxd4 Rxd4 44. Rxf5 c3 45. Rf6 Nxh6 46. gxh6 c2 0-1

[Event "OMA-chT"]
[Site "Muscat"]
[Date "2020.01.30"]
[Round "8.5"]
[White "Bait Said, Ali"]
[Black "Al Amri, Mahad"]
[Result "0-1"]
[WhiteElo "1389"]
[BlackElo "1630"]
[PlyCount "44"]
[EventDate "2020.01.25"]
[EventType "team-swiss"]
[EventRounds "9"]
[EventCountry "OMN"]
[SourceTitle "CBM 194 Extra"]
[Source "ChessBase"]
[SourceDate "2020.03.31"]
[SourceVersion "1"]
[SourceVersionDate "2020.03.31"]
[SourceQuality "1"]

1. e4 c5 2. Nf3 Nc6 3. d4 cxd4 4. Nxd4 e5 5. Nb5 d6 6. N1c3 Nf6 7. Be2 Be7 8. 0-0 a6 9. Na3 0-0 10. Nc4 Be6 11. Ne3 b5 12. a3 Rc8 13. Bd2 Nd4 14. Rc1 d5 15. exd5 Nxd5 16. Bf3 Nf4 17. Ng4 Nxf3+ 18. Qxf3 Qxd2 19. Rfd1 Rxc3 20. bxc3 Bxg4 21. Qxg4 Qxc3 22. g3 f5 0-1

[Event "OMA-chT"]
[Site "Muscat"]
[Date "2020.01.29"]
[Round "6.4"]
[White "Bait Said, Ali"]
[Black "Al Saidi, Mohammed Khalfan"]
[Result "0-1"]
[WhiteElo "1389"]
[BlackElo "1715"]
[PlyCount "84"]
[EventDate "2020.01.25"]
[EventType "team-swiss"]
[EventRounds "9"]
[EventCountry "OMN"]
[SourceTitle "CBM 194 Extra"]
[Source "ChessBase"]
[SourceDate "2020.03.31"]
[SourceVersion "1"]
[SourceVersionDate "2020.03.31"]
[SourceQuality "1"]

1. e4 c6 2. Nc3 d5 3. d4 dxe4 4. Nxe4 Bf5 5. Bd3 e6 6. Nf3 Bg4 7. h3 Bh5 8. g4 Bg6 9. Bf4 Nf6 10. Qe2 Nxe4 11. Bxe4 Bxe4 12. Qxe4 Bb4+ 13. c3 Be7 14. h4 Nd7 15. g5 Qa5 16. h5 Qd5 17. Qxd5 cxd5 18. 0-0-0 Rc8 19. Kb1 Nb6 20. Be5 f6 21. Bf4 Rf8 22. g6 h6 23. Bg3 Nc4 24. Nd2 Kd7 25. Rhe1 Bd6 26. Bxd6 Nxd6 27. f3 Nf5 28. Rg1 Kd6 29. Nb3 e5 30. Rde1 Rce8 31. Kc2 Nh4 32. Rg3 e4 33. fxe4 dxe4 34. Nd2 f5 35. Nc4+ Kd5 36. Ne5 f4 37. Rg4 Rxe5 38. dxe5 Nf3 39. Rf1 Kxe5 40. Rf2 Rd8 41. Rgg2 Ne1+ 42. Kb3 Nxg2 0-1

[Event "OMA-chT"]
[Site "Muscat"]
[Date "2020.01.28"]
[Round "5.7"]
[White "Al Ghafri, Amer"]
[Black "Bait Said, Ali"]
[Result "0-1"]
[WhiteElo "1629"]
[BlackElo "1389"]
[PlyCount "122"]
[EventDate "2020.01.25"]
[EventType "team-swiss"]
[EventRounds "9"]
[EventCountry "OMN"]
[SourceTitle "CBM 194 Extra"]
[Source "ChessBase"]
[SourceDate "2020.03.31"]
[SourceVersion "1"]
[SourceVersionDate "2020.03.31"]
[SourceQuality "1"]

1. d4 d5 2. c4 Nf6 3. Nc3 e6 4. Bg5 Be7 5. e3 c5 6. Nf3 Nc6 7. Rc1 0-0 8. Bd3 h6 9. Bh4 dxc4 10. Bxc4 cxd4 11. Nxd4 Ne5 12. Bb3 a6 13. 0-0 Bd7 14. Qe2 Bc6 15. Rfd1 Qb6 16. Bg3 Ned7 17. Nxc6 bxc6 18. h3 Nd5 19. Qc4 Rac8 20. Ne4 N7f6 21. Nc5 Bxc5 22. Qxc5 Qxc5 23. Rxc5 Ne4 24. Ra5 Nxg3 25. fxg3 Nxe3 26. Rd3 Nd5 27. Bc4 Ra8 28. a3 Rfb8 29. b4 Kf8 30. Rxa6 Rxa6 31. Bxa6 Ke7 32. Bc4 Kd6 33. Kf2 Ke5 34. Ke2 Ra8 35. Kd2 Ra7 36. Kc2 Ke4 37. Bxd5+ exd5 38. Rf3 f5 39. Kb3 g5 40. a4 h5 41. Rc3 Ra6 42. b5 cxb5 43. axb5 Rb6 44. Kb4 d4 45. Rc6 Rb8 46. Kc4 Ke3 47. Rc5 Ke4 48. Rc6 Ke3 49. Rf6 f4 50. Rf5 Rc8+ 51. Kb3 d3 52. Rd5 d2 53. gxf4 gxf4 54. Re5+ Kd4 55. Re7 Kd3 56. Rd7+ Ke2 57. Re7+ Kd1 58. b6 Rb8 59. b7 Kc1 60. Rc7+ Kb1 61. Rd7 Rxb7+ 0-1

[Event "OMA-ch"]
[Site "Muscat"]
[Date "2019.12.06"]
[Round "6"]
[White "Al Kathiri, Salim Said"]
[Black "Bait Said, Ali"]
[Result "1-0"]
[WhiteElo "1763"]
[BlackElo "1389"]
[PlyCount "87"]
[EventDate "2019.12.02"]
[EventType "swiss"]
[EventRounds "9"]
[EventCountry "OMN"]
[SourceTitle "CBM 195 Extra"]
[Source "ChessBase"]
[SourceDate "2020.05.31"]
[SourceVersion "1"]
[SourceVersionDate "2020.05.31"]
[SourceQuality "1"]

1. c4 Nf6 2. Nc3 e6 3. g3 Bb4 4. Bg2 Bxc3 5. bxc3 c6 6. e4 d6 7. Ne2 Nbd7 8. Ba3 Ne5 9. d3 Qc7 10. 0-0 0-0 11. h3 Re8 12. Kh2 Bd7 13. f4 Ng6 14. d4 h6 15. e5 dxe5 16. fxe5 Nh7 17. Qd3 Ngf8 18. Bd6 Qc8 19. Qf3 f6 20. Nf4 c5 21. Qxb7 f5 22. Qxa8 Qxa8 23. Bxa8 Rxa8 24. Bxc5 Ng5 25. Bxf8 Kxf8 26. Rab1 Ne4 27. Rb7 g5 28. Rxd7 gxf4 29. Rxf4 Rb8 30. h4 Rb2+ 31. Kh3 Rxa2 32. d5 exd5 33. Rxf5+ Ke8 34. Rff7 h5 35. Rxa7 Rc2 36. e6 Nf2+ 37. Kg2 Ng4+ 38. Kf1 Ne3+ 39. Ke1 Ng2+ 40. Kf1 Ne3+ 41. Kg1 Rc1+ 42. Kf2 Ng4+ 43. Ke2 Rc2+ 44. Kd3 1-0